Statistics for Things that happened in 2020 - A review quiz

Click here to take the quiz!

General Stats

  • This quiz has been taken 53 times
  • The average score is 13 of 25

Answer Stats

QuestionAnswerWhen?% Correct
Massive bushfires in this country destroyed over 46 Million acres of landAustraliaJanuary to May
94%
This Basketball player dies in a helicopter crashKobe BryantJanuary 26
89%
The WHO declares the outbreak of this disease as a Public Health Emergency of International ConcernCOVID-19January 30
87%
This person is elected as the 46th president of the United StatesJoe BidenNovember 3 / 7
81%
This country formally withdraws from the EU, beginning an 11-month transition periodUnited KingdomJanuary 31
79%
China ends lockdown in this city, where the virus behind the pandemic was first discoveredWuhanApril 8
77%
Large protests against police brutality and racism follow after the killing of this personGeorge FloydMay 26
70%
The accounts of many celebrities, CEOs and political figures on this social media are hacked to promote a bitcoin scamTwitterJuly 15
64%
This continent is declared free of wild polioAfricaAugust 25
62%
The ____ trial of the President of the United States, Donald Trump begins in the US SenateImpeachmentJanuary 16
62%
This associate justice of the Supreme Court of the USA dies at age 87Ruth Bader GinsburgSeptember 18
60%
Two explosions kill over 220 people, injure thousands and severely damage the port of this cityBeirutAugust 5
55%
The USA exit this agreement on climate changeParis AgreementNovember 4
55%
This country becomes the first on Central America to legalize same-sex marriageCosta RicaMay 26
53%
This scottish actor, famous for playing James Bond, dies at age 90Sean ConneryOctober 31
49%
This Japanese Prime Minister annouces his resignation from officeShinzo AbeAugust 28
47%
Luxembourg becomes worlds first country to make this free to usePublic transportationFebruary 29
34%
The Reelection of this president sparks protests of 300.000 people in MinskAlexander LukashenkoAugust 9
32%
Astromoners announce the discovery of the first ____ in a star system visible to the naked eyeBlack HoleMay 6
26%
Deadly clashes errupt in this region between Armenian and Azerbaijani forcesNagorno-KarabakhSeptember 27
26%
the "Taal Volcano" errupts in this country, leading to the evacuation of thousandsPhilippinesJanuary 12
26%
20.000 tons of oil leaked into Ambarnaya River in this country, the second largest accident in modern history of the countryRussiaJune 3
26%
This country becomes the 30th member of NATONorth MacedoniaMarch 27
19%
The United States removes this country from its list of state sponsors of terrorismSudanDecember 14
15%
A Japanese bulk carrier stranded and broke in half in this country, spilling 1000 tonnes of oil into the ocean, the largest environmental disaster in the countries historyMauritiusAugust 15
13%

Score Distribution

Percentile by Number Answered

Percent of People with Each Score

Your Score History

You have not taken this quiz